000 00360nam a2200145Ia 4500
008 230917s9999||||xx |||||||||||||| ||und||
040 _e4960
_aMAIN
041 _aEnglish
082 _a309 A69S
100 _aArrow, Kenneth J
245 0 _aSocial choice and individual values
260 _aNew York
_bJohn Wiley
_c1963
300 _axi, 124 p.
942 _cBK
999 _c122839
_d122839